00423pab a2200133 454500008004000000100002400040245012300064260000900187300001200196362000800208650002200216650002500238773002600263180718b2003 xxu||||| |||| 00| 0 eng d aSoederberg, Susanne aThe promotion of 'Anglo-American' corporate governance in the South: who benefits from the new international standard? c2003 ap.7-27. aFeb aFinancial markets aCorporate governance aThird World Quarterly